Texto de la constitución de la República Árabe Siria. (Registro nro. 20243)

MARC details
000 -CABECERA
campo de control de longitud fija 00530nam a2200181Ia 4500
008 - DATOS DE LONGITUD FIJA--INFORMACIÓN GENERAL
campo de control de longitud fija 260312s9999 xx 000 0 und d
082 ## - NÚMERO DE LA CLASIFICACIÓN DECIMAL DEWEY
Número de clasificación 342.3 R426t 1973 HNA
100 ## - ENTRADA PRINCIPAL--NOMBRE DE PERSONA
Nombre de persona República Árabe Siria
9 (RLIN) 35432
245 #0 - MENCIÓN DE TÍTULO
Título Texto de la constitución de la República Árabe Siria.
260 ## - PUBLICACIÓN, DISTRIBUCIÓN, ETC. (PIE DE IMPRENTA)
Nombre del editor, distribuidor, etc. s.e.
260 ## - PUBLICACIÓN, DISTRIBUCIÓN, ETC. (PIE DE IMPRENTA)
Lugar de publicación. Damasco, Siria
260 ## - PUBLICACIÓN, DISTRIBUCIÓN, ETC. (PIE DE IMPRENTA)
Fecha de publicación, distribución, etc. 1973
300 ## - DESCRIPCIÓN FÍSICA
Extensión 45p.
500 ## - NOTA GENERAL
Nota general Colección Humberto Nogueira Alcalá
650 ## - PUNTO DE ACCESO ADICIONAL DE MATERIA--TÉRMINO DE MATERIA
Término de materia o nombre geográfico como elemento inicial Derecho constitucional
9 (RLIN) 1698
650 ## - PUNTO DE ACCESO ADICIONAL DE MATERIA--TÉRMINO DE MATERIA
Término de materia o nombre geográfico como elemento inicial República Arabe Siria
9 (RLIN) 35433
942 ## - ELEMENTOS DE PUNTO DE ACCESO ADICIONAL (KOHA)
Fuente del sistema de clasificación o colocación
Tipo de ítem Koha Libro
Existencias
Estado de retiro Estado de pérdida Fuente del sistema de clasificación o colocación Estado dañado No para préstamo Código de colección Localización permanente Ubicación/localización actual Fecha de adquisición Fuente de adquisición Total de préstamos Signatura topográfica completa Código de barras Fecha visto por última vez Número de copia Precio válido a partir de Tipo de ítem Koha
          Colección General Biblioteca Central Biblioteca Central 30/08/2025 Donación Humberto Nogueira   342.3 R426t 1973 HNA 27409 15/04/2026 1 15/04/2026 Libro
Derechos Reservados © 2011 Universidad Miguel de Cervantes. Mac Iver 370. Santiago Centro, C.P. 8320170. Chile. / Teléfono: +56 (2) 2 927 34 00